00890nam a2200193 a 450000100060000000300090000600800410001504000280005608200170008410000430010124500940014426001010023830000070033950502190034665000500056565000260061565000290064165000260067022499CO-ViMGA141112s2004 ck r 000 u spa d aCO-ViMGAbspacCO-ViMGA04a614.44 C656g1 aColombia Ministerio de la proteccion, 10aGuias de promoción de la salud y prevención de las enfermedades en la salud pública aBogotá : bMinisterio de la Proteccion Social. Programa de apoyo a la reforma de salud, c2007 a3V aGuias de deteccion temprana tomo 1 17 - 511 - - Guias de atención tomo 2 17 - 359 - - guia de la atencion de la lepra, la malaria, el dengue, la leishmaniasis, la fiebre amarilla, las enfermedades changas, tomo 314aPREVENCION DE LA SALUD - COLOMBIA - PROGRAMAS14aPROMOCION DE LA SALUD14aSALUD PUBLICA - COLOMBIA14aVACUNACION - COLOMBIA